[Event "Belgrade Spring op"]
[Site "Belgrade"]
[Date "2007.03.27"]
[Round "2"]
[White "Miladinovic, Lena"]
[Black "Zivkovic, Velibor"]
[Result "0-1"]
[WhiteElo "1786"]
[BlackElo "1983"]
[PlyCount "62"]
[EventDate "2007.03.26"]
[EventType "swiss"]
[EventRounds "9"]
[EventCountry "YUG"]
[SourceTitle "CBM 117 Extra"]
[Source "ChessBase"]
[SourceDate "2007.05.09"]
[SourceVersion "1"]
[SourceVersionDate "2007.05.09"]
[SourceQuality "1"]

1. e4 c5 2. Nf3 Nc6 3. d4 cxd4 4. Nxd4 Qc7 5. Nc3 e6 6. Ndb5 Qb8 7. Be3 a6 8. Bb6 axb5 9. Nxb5 Bb4+ 10. c3 Ba5 11. Nc7+ Kf8 12. Bc5+ Nge7 13. Nxa8 Qxa8 14. Qd6 Qb8 15. Qd2 Qe5 16. Qe3 d6 17. Ba3 Bc7 18. f4 Qa5 19. Rd1 d5 20. exd5 exd5 21. Bd3 Qb6 22. Qf3 d4 23. c4 g6 24. 0-0 Kg7 25. f5 Nxf5 26. g4 Ne5 27. Qe4 Ne3 28. c5 Qc6 29. Qxc6 bxc6 30. h3 h5 31. Rd2 Nxf1 0-1

[Event "Belgrade Winter op"]
[Site "Belgrade"]
[Date "2007.01.31"]
[Round "8"]
[White "Radovic, Goran"]
[Black "Zivkovic, Velibor"]
[Result "1/2-1/2"]
[WhiteElo "2108"]
[BlackElo "1983"]
[PlyCount "83"]
[EventDate "2007.01.24"]
[EventType "swiss"]
[EventRounds "9"]
[EventCountry "YUG"]
[SourceTitle "EXT 2010"]
[Source "ChessBase"]
[SourceDate "2010.11.25"]
[SourceVersion "1"]
[SourceVersionDate "2010.11.25"]
[SourceQuality "1"]

1. e4 c5 2. Nf3 Nc6 3. d4 cxd4 4. Nxd4 Qc7 5. Be3 e6 6. Be2 a6 7. 0-0 Nf6 8. Bf3 Be7 9. g3 0-0 10. Nd2 b5 11. c3 Bb7 12. Bg2 Rfd8 13. Qe2 d5 14. Nxc6 Bxc6 15. Bg5 Nxe4 16. Bxe7 Qxe7 17. Nxe4 dxe4 18. Bxe4 Bxe4 19. Qxe4 Ra7 20. a4 Qb7 21. Qb4 bxa4 22. Rxa4 g6 23. Qa3 Qf3 24. Rf4 Qe2 25. Qb4 Rad7 26. Re4 Qf3 27. Re3 Qc6 28. Qf4 Rd1 29. Qe4 Rxf1+ 30. Kxf1 Qb5+ 31. Re2 Rd2 32. c4 Qxb2 33. Rxd2 Qxd2 34. Qa8+ Kg7 35. Qxa6 Qd3+ 36. Ke1 Qb1+ 37. Kd2 Qb2+ 38. Ke3 Qc3+ 39. Ke2 Qc2+ 40. Ke1 Qc1+ 41. Ke2 Qc2+ 42. Ke3 1/2-1/2

[Event "Belgrade Winter op"]
[Site "Belgrade"]
[Date "2007.01.24"]
[Round "1"]
[White "Spiric, Igor"]
[Black "Zivkovic, Velibor"]
[Result "1/2-1/2"]
[WhiteElo "2284"]
[BlackElo "1983"]
[PlyCount "48"]
[EventDate "2007.01.24"]
[EventType "swiss"]
[EventRounds "9"]
[EventCountry "YUG"]
[SourceTitle "EXT 2010"]
[Source "ChessBase"]
[SourceDate "2010.11.25"]
[SourceVersion "1"]
[SourceVersionDate "2010.11.25"]
[SourceQuality "1"]

1. d4 Nf6 2. c4 c5 3. Nf3 cxd4 4. Nxd4 e5 5. Nc2 d5 6. cxd5 Qxd5 7. Qxd5 Nxd5 8. e4 Nb4 9. Nxb4 Bxb4+ 10. Bd2 Bxd2+ 11. Nxd2 Nc6 12. Bb5 Bd7 13. Bxc6 Bxc6 14. f3 f6 15. 0-0-0 Ke7 16. b3 Rhd8 17. Nc4 b6 18. Ne3 g6 19. a4 Rac8 20. Rxd8 Rxd8 21. Rd1 Rxd1+ 22. Kxd1 Kd6 23. Kd2 Kc5 24. Kc3 a5 1/2-1/2

[Event "Belgrade Trophy 19th"]
[Site "Belgrade"]
[Date "2006.11.24"]
[Round "3"]
[White "Maric, Dragan"]
[Black "Zivkovic, Velibor"]
[Result "1-0"]
[WhiteElo "2314"]
[BlackElo "1986"]
[PlyCount "65"]
[EventDate "2006.11.22"]
[EventType "swiss"]
[EventRounds "9"]
[EventCountry "YUG"]
[SourceTitle "CBM 115 Extra"]
[Source "ChessBase"]
[SourceDate "2007.01.10"]
[SourceVersion "1"]
[SourceVersionDate "2007.01.10"]
[SourceQuality "1"]

1. e4 c5 2. Nf3 e6 3. d3 Nc6 4. g3 Qc7 5. Bg2 Nf6 6. 0-0 Be7 7. Re1 d6 8. c3 0-0 9. d4 cxd4 10. cxd4 d5 11. e5 Ne4 12. Nbd2 Nxd2 13. Bxd2 Qb6 14. Bc3 Bd7 15. Rc1 Rac8 16. Bf1 Bb4 17. Bd3 g6 18. Qd2 Rfe8 19. h4 a5 20. Qf4 Qd8 21. h5 Bf8 22. Kg2 Bg7 23. Rh1 Qe7 24. hxg6 fxg6 25. Rxh7 Kxh7 26. Rh1+ Kg8 27. Bxg6 Rf8 28. Bh7+ Kh8 29. Qg4 Rxf3 30. Qxf3 b5 31. Qg4 Be8 32. Bf5+ Kg8 33. Bxe6+ 1-0

[Event "Belgrade Winter op"]
[Site "Belgrade"]
[Date "2006.01.24"]
[Round "4"]
[White "Zivkovic, Velibor"]
[Black "Jeremic, Milan"]
[Result "0-1"]
[WhiteElo "2004"]
[BlackElo "2247"]
[PlyCount "56"]
[EventDate "2006.01.21"]
[EventType "swiss"]
[EventRounds "9"]
[EventCountry "YUG"]
[SourceTitle "CBM 110 Extra"]
[Source "ChessBase"]
[SourceDate "2006.03.10"]
[SourceVersion "2"]
[SourceVersionDate "2006.03.10"]
[SourceQuality "1"]

1. Nf3 d5 2. d4 Bf5 3. Bf4 e6 4. e3 Nf6 5. Bd3 Bg4 6. c3 Bxf3 7. Qxf3 Bd6 8. Nd2 0-0 9. h4 Bxf4 10. exf4 Qd6 11. g4 c5 12. g5 Nfd7 13. Qh5 f5 14. gxf6 Nxf6 15. Qg5 cxd4 16. Rg1 Rf7 17. cxd4 Nc6 18. Nf3 Qb4+ 19. Kf1 Qxb2 20. Rd1 Ne4 21. Bxe4 dxe4 22. Ne5 Qb5+ 23. Kg2 Rf5 24. Qg3 Nxe5 25. dxe5 Raf8 26. Kh2 g6 27. Rg2 Rxf4 28. Rd6 Qxe5 0-1

[Event "Belgrade Winter op"]
[Site "Belgrade"]
[Date "2006.01.21"]
[Round "1"]
[White "Pucarevic, Milenko"]
[Black "Zivkovic, Velibor"]
[Result "1-0"]
[WhiteElo "2268"]
[BlackElo "2004"]
[PlyCount "57"]
[EventDate "2006.01.21"]
[EventType "swiss"]
[EventRounds "9"]
[EventCountry "YUG"]
[SourceTitle "CBM 110 Extra"]
[Source "ChessBase"]
[SourceDate "2006.03.10"]
[SourceVersion "2"]
[SourceVersionDate "2006.03.10"]
[SourceQuality "1"]

1. e4 c5 2. Nf3 Nc6 3. Bb5 Qc7 4. Nc3 e6 5. 0-0 Nf6 6. Re1 a6 7. Bxc6 bxc6 8. e5 Nd5 9. Ne4 Be7 10. c4 Nb6 11. b3 Rb8 12. Ba3 0-0 13. d4 Na8 14. Bxc5 Bxc5 15. dxc5 Qd8 16. Qd3 h6 17. Rad1 Nc7 18. Nd4 Qe7 19. Re3 Ne8 20. Rg3 f6 21. exf6 Nxf6 22. Nd6 Nh5 23. Rg4 Qf6 24. Qe3 Kh8 25. g3 Kh7 26. f4 g6 27. Nf3 Rg8 28. Ne5 Rg7 29. Qe4 1-0

[Event "Lestane op"]
[Site "Lestane"]
[Date "2006.01.14"]
[Round "9"]
[White "Zivkovic, Velibor"]
[Black "Tasic, Zoran T"]
[Result "0-1"]
[WhiteElo "2004"]
[BlackElo "2188"]
[PlyCount "56"]
[EventDate "2006.01.10"]
[EventType "swiss"]
[EventRounds "9"]
[EventCountry "SRB"]
[SourceTitle "EXT 2024"]
[Source "ChessBase"]
[SourceDate "2023.10.10"]
[SourceVersion "1"]
[SourceVersionDate "2023.10.10"]
[SourceQuality "1"]

1. Nf3 c5 2. e4 e6 3. d4 d5 4. e5 cxd4 5. Nxd4 Qb6 6. Bb5+ Nc6 7. 0-0 Bd7 8. Bxc6 bxc6 9. Nc3 c5 10. Nf3 Ne7 11. b3 Ng6 12. Ne2 Bb5 13. Re1 Be7 14. a4 Ba6 15. Nf4 0-0 16. Nxg6 fxg6 17. Bg5 Rxf3 18. Bxe7 Rf7 19. Bh4 Raf8 20. Qd2 h6 21. Bg3 g5 22. h3 Rf5 23. Kh2 h5 24. f3 Qc7 25. c3 g6 26. Qe3 Bb7 27. Bf2 d4 28. cxd4 g4 0-1

[Event "Belgrade Zimski op"]
[Site "Belgrade"]
[Date "2005.01.30"]
[Round "8"]
[White "Zivkovic, Velibor"]
[Black "Kovacevic, Radmila"]
[Result "1/2-1/2"]
[WhiteElo "2075"]
[BlackElo "2054"]
[PlyCount "33"]
[EventDate "2005.01.22"]
[EventType "swiss"]
[EventRounds "9"]
[EventCountry "YUG"]
[SourceTitle "CBM 104 Extra"]
[Source "ChessBase"]
[SourceDate "2005.03.01"]
[SourceVersion "1"]
[SourceVersionDate "2005.03.01"]
[SourceQuality "1"]

1. Nf3 c5 2. c3 d5 3. d4 cxd4 4. cxd4 Nc6 5. Bf4 Nf6 6. e3 Nh5 7. Bg5 Qb6 8. Qb3 Bf5 9. Bb5 Bc2 10. Bxc6+ Qxc6 11. Qc3 Rc8 12. Qxc6+ Rxc6 13. Nc3 h6 14. Bh4 g5 15. Bg3 e6 16. Bb8 a6 17. Kd2 1/2-1/2

[Event "Belgrade Zimski op"]
[Site "Belgrade"]
[Date "2005.01.28"]
[Round "6"]
[White "Zivkovic, Velibor"]
[Black "Savic, Sinisa"]
[Result "1/2-1/2"]
[WhiteElo "2075"]
[BlackElo "2161"]
[PlyCount "20"]
[EventDate "2005.01.22"]
[EventType "swiss"]
[EventRounds "9"]
[EventCountry "YUG"]
[SourceTitle "CBM 104 Extra"]
[Source "ChessBase"]
[SourceDate "2005.03.01"]
[SourceVersion "1"]
[SourceVersionDate "2005.03.01"]
[SourceQuality "1"]

1. c4 c5 2. Nc3 Nc6 3. Nf3 Nf6 4. g3 g6 5. Bg2 Bg7 6. a3 a6 7. Rb1 Rb8 8. b4 cxb4 9. axb4 b5 10. 0-0 0-0 1/2-1/2

[Event "Belgrade Trophy 17th"]
[Site "Obrenovac"]
[Date "2004.11.30"]
[Round "9"]
[White "Savic, Miomir"]
[Black "Zivkovic, Velibor"]
[Result "1-0"]
[WhiteElo "2270"]
[BlackElo "2087"]
[PlyCount "64"]
[EventDate "2004.11.22"]
[EventType "swiss"]
[EventRounds "9"]
[EventCountry "YUG"]
[SourceTitle "CBM 103 Extra"]
[Source "ChessBase"]
[SourceDate "2005.01.01"]
[SourceVersion "1"]
[SourceVersionDate "2005.01.01"]
[SourceQuality "1"]

1. d4 Nf6 2. c4 c5 3. dxc5 e6 4. Nf3 Bxc5 5. e3 0-0 6. a3 a5 7. Nc3 Nc6 8. Be2 Be7 9. e4 d6 10. 0-0 Bd7 11. h3 Re8 12. Be3 Ne5 13. Nd2 Qc7 14. Rc1 Bc6 15. f4 Ned7 16. Bf3 g6 17. Qc2 Bf8 18. g4 h6 19. Bg2 Bg7 20. Nf3 Nh7 21. Nd4 f5 22. Ndb5 Qb8 23. Rcd1 Bf8 24. exf5 exf5 25. Bd4 Bxg2 26. Kxg2 Qd8 27. gxf5 g5 28. f6 Ndxf6 29. fxg5 hxg5 30. Qg6+ Bg7 31. Nd5 Rf8 32. Nbc7 Rf7 1-0

[Event "Belgrade Jezero op 10th"]
[Site "Belgrade"]
[Date "2004.08.18"]
[Round "2"]
[White "Zivkovic, Velibor"]
[Black "Stankovic, Branislav D"]
[Result "0-1"]
[WhiteElo "2096"]
[BlackElo "2230"]
[PlyCount "58"]
[EventDate "2004.08.17"]
[EventType "swiss"]
[EventRounds "9"]
[EventCountry "YUG"]
[SourceTitle "EXT 2005"]
[Source "ChessBase"]
[SourceDate "2004.11.15"]
[SourceVersion "1"]
[SourceVersionDate "2004.11.15"]
[SourceQuality "1"]

1. Nf3 f5 2. d4 Nf6 3. Bf4 d6 4. Nbd2 g6 5. h3 Bg7 6. e3 0-0 7. Be2 Nc6 8. 0-0 Qe8 9. c3 e5 10. Bh2 h6 11. b4 a6 12. a4 Nd5 13. b5 axb5 14. axb5 Na5 15. Qc2 e4 16. Ne1 b6 17. Nc4 Be6 18. Nxa5 bxa5 19. c4 Ne7 20. Qd2 Qf7 21. Rxa5 g5 22. c5 f4 23. f3 Nd5 24. exf4 e3 25. Qc2 gxf4 26. Bd3 Nb4 27. Bg6 Qf6 28. Qe4 Bc4 29. Nc2 Bd3 0-1

[Event "Belgrade Winter op"]
[Site "Belgrade"]
[Date "2004.01.28"]
[Round "8"]
[White "Gasic, Bozidar"]
[Black "Zivkovic, Velibor"]
[Result "1/2-1/2"]
[WhiteElo "2174"]
[BlackElo "2091"]
[PlyCount "21"]
[EventDate "2004.01.21"]
[EventType "swiss"]
[EventRounds "9"]
[EventCountry "YUG"]
[SourceTitle "CBM 098 Extra"]
[Source "ChessBase"]
[SourceDate "2004.03.10"]
[SourceVersion "2"]
[SourceVersionDate "2004.03.10"]
[SourceQuality "1"]

1. d4 Nf6 2. Nf3 d5 3. Bf4 c5 4. e3 Nc6 5. c3 b6 6. Qc1 Bf5 7. Nbd2 e6 8. h3 Rc8 9. a3 Ne4 10. dxc5 Nxc5 11. Nd4 1/2-1/2